Statistics for Who did that rock song? - multiple choice

Click here to take the quiz!

General Stats

  • This quiz has been taken 75 times
  • The average score is 8 of 15

Answer Stats

QuestionAnswer% Correct
Everlong (1997)Foo Fighters
83%
Lithium (1991)Nirvana
77%
No One Knows (2002)Queens of the Stone Age
74%
Firestarter (1997)The Prodigy
70%
Black (1991)Pearl Jam
67%
Would? (1992)Alice in Chains
66%
Love will tear us apart (1980)Joy Division
64%
Closer (1994)Nine Inch Nails
63%
Today (1993)Smashing Pumpkins
61%
Horses (1975)Patti Smith
51%
10,000 Days (2006)Tool
46%
Child in Time (1970)Deep Purple
44%
Muscle Museum (1999)Muse
31%
The March of the Black Queen (1975)Queen
23%
Papillon (2009)Editors
14%

Score Distribution

Percentile by Number Answered

Percent of People with Each Score

Your Score History

You have not taken this quiz